Inequality in Good and Bad Times : A Cross-Country Approach /

This paper provides evidence of a strong relationship between the short-term dynamics of growth and inequality in developing economies. We find that reductions in inequality during growth upswings are largely reversed during growth slowdowns. Using a new methodology (mediation analysis), we identify...

Descripción completa

Detalles Bibliográficos
Autor principal: Hacibedel, Burcu
Otros Autores: Mandon, Pierre, Muthoora, Priscilla, Pouokam, Nathalie
Formato: Revista
Lenguaje:English
Publicado: Washington, D.C. : International Monetary Fund, 2019.
Colección:IMF Working Papers; Working Paper ; No. 2019/020
Acceso en línea:Full text available on IMF
LEADER 01814cas a2200277 a 4500
001 AALejournalIMF018992
008 230101c9999 xx r poo 0 0eng d
020 |c 5.00 USD 
020 |z 9781484392911 
022 |a 1018-5941 
040 |a BD-DhAAL  |c BD-DhAAL 
100 1 |a Hacibedel, Burcu. 
245 1 0 |a Inequality in Good and Bad Times :   |b A Cross-Country Approach /  |c Burcu Hacibedel, Pierre Mandon, Priscilla Muthoora, Nathalie Pouokam. 
264 1 |a Washington, D.C. :  |b International Monetary Fund,  |c 2019. 
300 |a 1 online resource (41 pages) 
490 1 |a IMF Working Papers 
500 |a <strong>Off-Campus Access:</strong> No User ID or Password Required 
500 |a <strong>On-Campus Access:</strong> No User ID or Password Required 
506 |a Electronic access restricted to authorized BRAC University faculty, staff and students 
520 3 |a This paper provides evidence of a strong relationship between the short-term dynamics of growth and inequality in developing economies. We find that reductions in inequality during growth upswings are largely reversed during growth slowdowns. Using a new methodology (mediation analysis), we identify unemployment, and youth unemployment especially, as the main channel through which fluctuations in growth affect future dynamics in inequality. These findings suggest that both the quality of jobs created and labor market policies are important to ensure that growth outcomes are conducive to inequality reduction. 
538 |a Mode of access: Internet 
700 1 |a Mandon, Pierre. 
700 1 |a Muthoora, Priscilla. 
700 1 |a Pouokam, Nathalie. 
830 0 |a IMF Working Papers; Working Paper ;  |v No. 2019/020 
856 4 0 |z Full text available on IMF  |u http://elibrary.imf.org/view/journals/001/2019/020/001.2019.issue-020-en.xml  |z IMF e-Library